00822nam a22002177a 450000500170000001000120001702000260002908200100005524501180006526000420018327001450022530000210037070000260039170000310041770000300044870000330047870000270051170000230053894200240056199900190058520250218100137.0 aBACEN25 a9789348059116c860.00 b305.4 aWomen's Rights and Empowerment :bLegal Challenges and Social Realities /cEdited By Vijender Kumar and et.all... aNew DelhibBharti Publications c2024 bNew Delhia4819/24 2nd Floor, Mathur Lane Ansari Road, Darya Ganj,e110002k011-46172797, 23247537, 9899897381mbhartipublications@gmail,com a174pc22cm;(hbk) aVijender Kumar977674 aVats, Naresh Kumar 977676 aPathak , Shashank 977678 aMishra, Kishor Kumar 977679 a Mishra, Aditya977681 aVats, Anit 977683 2ddccENh305.4mWOM c209139d209139